| 000 | 00399nam a2200145Ia 4500 | ||
|---|---|---|---|
| 005 | 20250320224150.0 | ||
| 008 | 240331s9999 xx 000 0 und d | ||
| 082 |
_bPAN _a894 |
||
| 100 | _aPanchangam, K | ||
| 245 | 0 |
_aSilappathikara thiran aaivukal : _boru paarvai |
|
| 260 |
_aChennai _bAnam ( Pvt) Ltd _c1980 |
||
| 300 | _a133 p ., | ||
| 500 | _aA book of research about Silappathikaram | ||
| 942 | _cL | ||
| 999 |
_c4095 _d4095 |
||